Дело о постройке здания для женской гимназии в городе Малмыже Вятской губернии

Доступно только в Электронных читальных залах Найти на картеНа карте
RUSMARC
00003689nmc2a22002413x 450
0017260a44a-b5fa-4878-b1af-cf97919635f6
00520240525071524.0
100##$a20231215l19131914k l0rusy0189 ca
1010#$arus
102##$aRU
105##$aae##
1222#$ad
2001#$aДело о постройке здания для женской гимназии в городе Малмыже Вятской губернии
$j9 апреля 1913 г. - 21 июля 1914 г.
215##$a130 л.
$cплан.; черт.; ил.
$d36,5х26 см
251##$cДело
300##$aДело
371##$aДокумент не является опубликованным и широко распространяемым
461#0$1001a74412a3-3cc5-4d21-8f0a-dfe2fbd9e72d
$12001
$aДепартамент народного просвещения Министерства народного просвещения (1803-1917)
$1251
$cФонд
$1852
$j733
462#0$1001cbe97534-fc2c-41b6-aa33-2a5bd997e041
$12001
$aСтроительный комитет: о постройке зданий учебных заведений; проекты, планы и фасады зданий
$1251
$cОпись
$1852
$j224
801#0$aRU
$bРГИА
$c20231215
$gRCR
801#1$aRU
$bГлавНИВЦ
$c20231215
$2rusmarc
801#2$aRU
$bПБ им. Б.Н. Ельцина
$c20240525
$gRCR
$2rusmarc
850##$aРГИА
852##$aРГИА
$eФедеральное казенное учреждение "Российский государственный исторический архив" (РГИА)
$j71
937##$hРГИА
$d12395034
$aASBIBLIO_SCAN
035##$aRusGRCC00071867
856##$uhttp://readingroom.main.prlib.ru/item.aspx?id_node=n192367195&mode=full
Формат отображения